00333nam a2200109Ia 4500050002400000100001300024245006300037020001800100260003500118040002900153008004100182 aPN 4787bB69 2008 C aBoyd, A. 0aBroadcast journalism techniques of radio & television news a9780240810249 aFocal pressbPark squarec2008 cChuka University Library230105s9999||||xx |||||||||||||| ||und||